| 000 | 00533nam a2200157Ia 4500 | ||
|---|---|---|---|
| 008 | 151213s9999 xx 000 0 und d | ||
| 100 | _aমকবৃুল হোসেন। | ||
| 245 |
_aগাণিতিক বিশ্লেষণ। _cমকবৃুল হোসেন। |
||
| 250 | _a১ম সং | ||
| 260 |
_aঢাকা _bবাংলা একাডেমী। _c1990 |
||
| 300 | _a4298 p. | ||
| 650 | _aBangla | ||
| 650 | _aগাণিতিক | ||
| 700 | _aমকবৃুল হোসেন। | ||
| 999 |
_c2712 _d2712 |
||